00515nam a22001937a 450000500170000001000110001702000220002803500110005003700160006104000120007708200080008910000200009724500770011726000320019427000300022630000200025665000200027665000250029620170124105915.0 a746408 c00.00a0851571735 a746408 bCen Lib/Ret aDPLbEN a020 aThompson, James aLibrary power :cby James Thompsonba new philosophy of librarianship / aLondonbClive Bingleyc1974 a16 Pembridge RoadbLondon a111p.c21cm(Hb) aLibrary science aModern Librarianship